[Event "EU-Cup 24th"]
[Site "Kallithea"]
[Date "2008.10.17"]
[Round "1"]
[White "Kamsky, Gata"]
[Black "Feygin, Michael"]
[Result "1-0"]
[WhiteElo "2729"]
[BlackElo "2569"]
[Annotator "Krasenkow,M"]
[PlyCount "119"]
[EventDate "2008.10.17"]
[EventType "team-swiss"]
[EventRounds "7"]
[EventCountry "GRE"]
[SourceTitle "CBM 127"]
[Source "ChessBase"]
[SourceDate "2008.11.13"]
[SourceVersion "1"]
[SourceVersionDate "2008.11.13"]
[SourceQuality "1"]
[WhiteTeam "Ural Sverdlovskaya"]
[BlackTeam "Eupen Rochade"]
[WhiteTeamCountry "RUS"]
[BlackTeamCountry "BEL"]

1. d4 e6 2. c4 Nf6 3. Nf3 c5 4. d5 b5 5. dxe6 fxe6 6. cxb5 d5 7. g3 Bd6 8. Bg2
a6 $1 {This move is necessary in any case so it is better to make it at once.}
9. bxa6 O-O 10. O-O Nc6 11. Nc3 (11. b3 {is another plan.}) 11... Bxa6 12. Bg5
{Or else:} (12. a4 Nb4 13. Ra3 Qe8 14. Nb5 Bxb5 15. axb5 Rb8 16. Ng5 h6 17. Ne4
Nxe4 18. Bxe4 dxe4 19. Qxd6 Nc2 20. Ra7 Nd4 21. Qxc5 Nxe2+ 22. Kg2 Rxb5 23. Qc4
Nxc1 24. Qxc1 Qh5 25. Ra3 Qe2 {1/2 Nikolic,P (2676)-Volokitin,A (2652)/Germany
2004/CBM 105}) (12. Ng5 Qe7 13. b3 Rad8 14. a4 Nd4 15. Bd2 Bb8 16. Nf3 Nxf3+
17. Bxf3 e5 18. Bg5 e4 19. Bg2 Bb7 20. Qc2 h6 21. Bxf6 Rxf6 22. Rad1 h5 $44 {
1/2 Akhmadeev,V (2438)-Zhigalko,A (2533)/Saratov 2006/EXT 2008 (37)}) (12. Re1
$5 Ng4 $2 (12... Rb8 13. e4 $5) 13. Nxd5 Bxg3 14. hxg3 exd5 15. Bg5 Qd7 16. Rc1
h6 17. Bf4 c4 18. Nd4 Ne7 19. Bh3 $16 {1-0 Rajkovic,D (2522)-Nestorovic,N 
(2436)/Belgrade 2007/CBM 121 Extra (30)}) 12... h6 (12... Qb6 13. b3 Be7 14.
Rc1 c4 15. Be3 Qa5 16. Bh3 Rad8 $2 (16... Bc8) 17. Bxe6+ Kh8 18. Nd4 Rd6 19.
Bf4 Rxe6 20. Nxe6 Re8 21. Nc7 Rd8 22. Nxa6 Qxa6 23. bxc4 dxc4 24. Qa4 {1-0
Spassov,L (2365)-Estrada Martinez,C (2167)/Calvia 2006/EXT 2007}) (12... Kh8 $5
13. Qd2 Qe8 14. Rac1 {1/2 Yakovich,Y (2597)-Sherbakov,R (2520)/Salekhard 2007/
CBM 122 Extra}) 13. Bxf6 Qxf6 14. Rc1 (14. a4 Rab8 15. Nb5 Bxb5 16. axb5 Nb4
17. e4 c4 18. b3 cxb3 {1/2 Ostrowski,L (2323)-Manik,M (2457)/Tatranske Zruby
2007/CBM 120 ext}) 14... Nd4 $1 $146 {[%mdl 8] In the previous games Black
unsuccessfully tried to push ...c5-c4:} (14... Kh8 15. b3 c4 $2 16. bxc4 Bxc4
17. Nd2 Bb4 (17... Ba6 18. Nce4) 18. Nxc4 Bxc3 19. Nb6 Ra7 20. Na4 Rxa4 21.
Qxa4 Nd4 22. Qd1 $18 {1-0 Lputian,S (2616)-Babujian,L (2439)/Yerevan ARM 2008/
The Week in Chess 689 (32)}) (14... Be7 15. b3 c4 $2 16. bxc4 Ba3 17. cxd5 Bxc1
18. dxc6 Bb2 19. Ne4 Qe7 20. Qc2 Ba3 21. Nd4 e5 22. Nb5 Kh8 23. Nxa3 Qxa3 24.
Rd1 $18 {1/2 Kunte,A (2550)-Bakre,T (2459)/Chennai IND 2008/The Week in Chess
693 (44)}) 15. Ne1 (15. Nxd4 cxd4 16. Nxd5 exd5 17. Bxd5+ Kh8 18. Bxa8 Rxa8 $15
) 15... Rab8 16. Qd2 Rxb2 {Perhaps it would be more unpleasant for White if
Black continued quietly strengthening his position:} (16... h5 $36) 17. Qxb2
Nxe2+ 18. Qxe2 Bxe2 19. Nxe2 {The position is still good for Black but he
starts playing inaccurately.} Qb2 (19... c4 $5 {[%cal Yd6c5]}) 20. Rc2 Qa3 21.
f4 c4 22. Kh1 Bc5 23. Nf3 Qd3 $2 {This "active" move just loses precious time.}
(23... Rb8 24. Bh3 (24. Rd1 Rb2) 24... Kh8 25. Nc1 (25. Bxe6 $2 Qd3 26. Rd2 Rb1
$1) 25... Rb6 $13) 24. Rd2 Qe3 25. Rfd1 Rb8 26. Rc2 $1 (26. Nfd4 $2 Bxd4 27.
Nxd4 Rb1) 26... Qa3 27. Nfd4 $16 {[%csl Re6] White has consolidated his
position, and the weakness of Black's e6 pawn has become crucial.} Rb2 (27...
Bxd4 $142 28. Nxd4 Qa4 $5 29. Bh3 Re8 {was a better way to hold on.}) 28. Rxb2
Qxb2 29. Bh3 c3 30. Bxe6+ Kf8 31. Bf5 Bxd4 32. Nxd4 Qxa2 33. Bc2 {Black's
counterplay is over, and White gradually brings home his advantage.} Qa7 34.
Kg2 Qb6 35. Kf3 Qf6 (35... g5 36. f5) 36. Ke3 Qe7+ 37. Kd3 Qe4+ 38. Kxc3 Qe3+
39. Rd3 Qe1+ 40. Kb2 h5 41. h4 Qg1 42. Bd1 Qf2+ 43. Nc2 g6 44. Kc1 Kg7 45. Ne3
Kh6 46. Nxd5 Qc5+ 47. Kd2 Qa5+ 48. Ke2 Qa2+ 49. Kf3 Qh2 50. Ne3 Qa2 51. Bc2 Qe6
52. Rd5 Qc6 53. Kf2 Qc3 54. Rd6 Kh7 55. Rxg6 Qd2+ 56. Kf3 Kh8 57. Rh6+ Kg7 58.
Nf5+ Kf8 59. Rf6+ Kg8 60. Bb3+ 1-0

[Event "EU-Cup 24th"]
[Site "Kallithea"]
[Date "2008.10.21"]
[Round "5"]
[White "Kamsky, Gata"]
[Black "Postny, Evgeny"]
[Result "1/2-1/2"]
[WhiteElo "2729"]
[BlackElo "2674"]
[Annotator "Postny,E"]
[PlyCount "91"]
[EventDate "2008.10.17"]
[EventType "team-swiss"]
[EventRounds "7"]
[EventCountry "GRE"]
[SourceTitle "CBM 127"]
[Source "ChessBase"]
[SourceDate "2008.11.13"]
[SourceVersion "1"]
[SourceVersionDate "2008.11.13"]
[SourceQuality "1"]
[WhiteTeam "Ural Sverdlovskaya"]
[BlackTeam "Zagreb"]
[WhiteTeamCountry "RUS"]
[BlackTeamCountry "CRO"]

1. e4 c6 2. d4 d5 3. e5 Bf5 4. Nd2 {This line is fashionable nowadays. The
knight is going to b3 where it will fight against Black's main plan - the
c6-c5 thrust.} e6 5. Nb3 Nd7 (5... c5 6. dxc5 Bxc5 7. Nxc5 Qa5+ 8. c3 Qxc5 {
leads to a position where White has small, but long-lasting advantage thanks
to the bishop pair.}) 6. Nf3 Ne7 7. Be2 Nc8 {Opening the diagonal for the
dark-squared bishop. Black has some alternative ways of development such as
playing ...h7-h6 followed by Bf5-h7, Ne7-f5 or Ne7-g6.} 8. O-O Be7 9. Bd2 {
A quiet move which should not be dangerous for Black.} (9. a4 O-O 10. a5 a6 11.
Be3 (11. Bf4 {might be an improvement for White. After the following c6-c5
advance White's Pe5 will be well protected.}) 11... Na7 12. Ne1 c5 13. Nxc5
Nxc5 14. dxc5 Nc6 15. Nf3 Bg4 16. Nd4 Bxe2 17. Nxc6 Bxd1 18. Nxd8 Be2 19. Rfe1
Rfxd8 20. Rxe2 d4 21. Bd2 Bxc5 $11 {1/2-1/2 Galkin,A (2608)-Ivanchuk,V (2787)/
Khanty-Mansiysk RUS 2007/The Week in Chess 682 (43)}) (9. c3 O-O 10. Ne1 Ncb6
11. g4 Bg6 12. f4 f6 13. Nd3 fxe5 14. fxe5 Rxf1+ 15. Bxf1 Bg5 16. Ndc5 Nxc5 17.
Nxc5 Bxc1 18. Qxc1 Qe7 19. Qe3 Rf8 $11 {1/2-1/2 Popov,I (2549)-Rodshtein,M 
(2605)/Gaziantep TUR 2008/The Week in Chess 718 (42)}) 9... O-O 10. h3 {
Covering the g4-square.} ({If White tries to prevent the c6-c5 advance by} 10.
Na5 $6 Qc7 11. b4 {then Black gets counterplay by} f6) 10... Qc7 11. Bd3 $5 {
I had expected 11.a4 and was surprised to see this move.} Bxd3 12. cxd3 {
White spoiled his pawn structure on purpose in order to prevent from Black the
advance c6-c5.} a5 {[%cal Ga5a4] White is now practically forced to play a2-a4
which will yield Black control over the b4-square.} 13. a4 Qb6 {I assume that
Black solved his opening problems.} 14. Rc1 Bb4 15. Bg5 h6 (15... Ne7 $6 16.
Nc5 $1 {[%csl Re7]} Bxc5 17. dxc5 Qd8 $14) 16. Be3 Ne7 {[%cal Ge7f5]} 17. Nh4 {
Preventing Ne7-f5 and opening the diagonal d1-h5 for a possible queen move.} f5
$2 {A serious strategical mistake. Undermining White's central chain by f7-f6
was called for.} (17... f6 $1 18. exf6 (18. f4 $2 fxe5 19. fxe5 Nxe5 $17 {
[%csl Re3]}) (18. Bxh6 $2 {does not work:} gxh6 19. Qg4+ Kh7 20. Qxe6 Qd8) (18.
Qg4 f5 19. Qg3 Kh7 20. f4 Be1 $1 21. Qxe1 Qxb3 $15 {[%csl Ra4,Rb2,Rd3,Yh4]})
18... Rxf6 19. Nc5 $1 Nxc5 (19... Bxc5 $6 20. dxc5 Qc7 (20... Qxb2 $2 21. Rb1
$16 {[%cal Gb1b7]}) 21. Qg4 $14) 20. dxc5 Qc7 {The Bb4 is a bit out of play.
Still, I believe that Black's position is okay. Here is one sample line:} 21.
Qg4 Nf5 22. Bf4 Qf7 23. Be5 Nxh4 24. Qxh4 Rf5 25. f4 Bd2 $1 26. Rcd1 Be3+ 27.
Kh1 Rf8 28. Bd6 e5 $1 29. Bxf8 Qxf8 30. Qe1 exf4 $44 {[%csl Ge3]}) 18. g3 $1 {
I underestimated this move. The white knight is going to be transfered to an
ideal f-outpost and put pressure on the e6 weakness.} Rfc8 (18... g5 $6 19. Ng2
Ng6 20. Nc5 $1 (20. Qh5 $2 Kg7 21. h4 Be7 22. hxg5 hxg5 $17 {[%cal Gf8h8]})
20... Nxc5 (20... Bxc5 21. dxc5 Qxb2 22. d4 $36 {[%cal Gc1b1]}) 21. Qh5 $1 Kg7
22. dxc5 Qc7 23. f4 $16) 19. Ng2 Nf8 {Black has to be on the defensive now as
he has no compensation for the lack of space.} 20. h4 $1 Qd8 21. h5 b5 $1 {
This is not really a counterplay attempt. Just trying to lock in the queenside.
} 22. Nc5 Bxc5 23. Rxc5 b4 {The position on the queenside is stabilized. Now
all the action will be on the kingside.} 24. Nf4 Qe8 25. Rc1 {The deep
manouevring battle is now on.} Qf7 26. Kg2 Nd7 27. Qe2 Nb6 {I thought that it
would be useful to provoke b2-b3, just in case that white knight won't be
transfered to b3 to attack the Pa5.} 28. b3 Kf8 29. Rg1 Ke8 30. Kf1 {Both
sides are going to transfer their monarchs to the safer queenside in order to
prepare for the main battle on the other side of the board.} Nd7 31. Ke1 Kd8
32. Kd2 Nf8 33. f3 Kc7 34. g4 Nh7 35. Ng6 $2 {This allows me to release the
tension on the kingside in my favour.} (35. Nh3 $1 {was fine, preventing
Nh7-g5. Later on White should continue his regrouping, bringing the rook to f1,
the queen to g2 or even to h4 and find the right moment to push g4-g5. It is
difficult to estimate exactly the position, but it is definitely unpleasant to
handle it with Black.}) 35... Re8 ({Of course not} 35... Nxg6 $2 36. hxg6 Qxg6
37. gxf5 Qxf5 38. Rxg7+) 36. Kc2 fxg4 37. Rxg4 (37. fxg4 Nxg6 38. Rgf1 Qd7 39.
hxg6 Nf8 40. g5 Nxg6 41. Qh5 Ne7 42. Rf7 g6 {and Black survives.}) 37... Nf5 {
[%csl Gf5] With such a powerful knight on f5, Black's defensive task has
become much easier.} 38. Kb1 Nf8 39. Nf4 Nd7 40. Qc2 Ra6 41. Bf2 Kb7 42. Ng6
Rg8 43. Rcg1 Raa8 44. Qc1 Rac8 45. Rf4 Rc7 (45... Nf8 46. Rxf5 $6 {I was
concerned about this sacrifice. In fact, it's not that dangerous.} exf5 (46...
Qxf5 $6 47. Ne7 Qxd3+ 48. Qc2 Qxc2+ 49. Kxc2 Nd7 50. Nxg8 Rxg8 51. Be3 $14 {
[%csl Rg7,Rh6]}) 47. Qc5 Ka6 48. Nxf8 (48. Nf4 g5 $1 {During the game I
completely forgot about this resource.} 49. hxg6 Nxg6 50. Nh5 Nf8 $17) 48...
Qxf8 49. Rg6 Qxc5 50. dxc5 {White has sufficient compensation for an exchange
even without queens. This endgame should end in a draw.}) 46. Rfg4 {Here Gata
offered a draw. Black's position is already safe. However, I didn't see any
possibility of playing for a win without taking too many risks and accepted a
draw. The situation in the match was already hopeless for my team anyway.} (46.
Rfg4 Rgc8 47. Qf4 $1 c5 48. Nh4 cxd4 49. Rxg7 (49. Nxf5 Qxf5 50. Qxf5 exf5 51.
Rxd4 Nxe5 52. Rxd5 Nxf3 53. Rb5+ Ka8 54. Rxa5+ Kb8 55. Rb5+ Ka8 {When
considering this line, I wasn't sure if White has something more than a
perpetual check.}) 49... Qxg7 50. Rxg7 Nxg7 51. Bxd4 Rc1+ 52. Qxc1 Rxc1+ 53.
Kxc1 Nxh5 $11) 1/2-1/2

[Event "EU-Cup 24th"]
[Site "Kallithea"]
[Date "2008.10.22"]
[Round "6"]
[White "Eljanov, Pavel"]
[Black "Kamsky, Gata"]
[Result "1-0"]
[WhiteElo "2720"]
[BlackElo "2729"]
[Annotator "Eljanov,P"]
[PlyCount "105"]
[EventDate "2008.10.17"]
[EventType "team-swiss"]
[EventRounds "7"]
[EventCountry "GRE"]
[SourceTitle "CBM 127"]
[Source "ChessBase"]
[SourceDate "2008.11.13"]
[SourceVersion "1"]
[SourceVersionDate "2008.11.13"]
[SourceQuality "1"]
[WhiteTeam "Ashdod Illit "]
[BlackTeam "Ural Sverdlovskaya"]
[WhiteTeamCountry "ISR"]
[BlackTeamCountry "RUS"]

1. Nf3 Nf6 2. c4 b6 {It was rather unexpected to see this move. For some
reason Gata didn`t want to play the Grünfeld against me again.} 3. d4 e6 4. g3
Ba6 5. Qb3 c6 6. Bg5 $5 {After some thinking my mind came up with this rare
idea.} ({The main move is} 6. Bf4 {but after} Be7 7. Nc3 O-O 8. e4 d5 {White
has almost nothing}) 6... h6 $6 {A strange move, as my idea is to take Black's
knight at some point, even without this invitation.} ({For example} 6... d5 7.
cxd5 cxd5 8. Bxf6 $5 (8. e3 Bxf1 9. Kxf1 Be7 10. Kg2 Nc6 (10... O-O 11. Nc3 Nc6
12. Rhc1 Qd7 13. Qa4 Rfc8 14. Ne5 Nxe5 15. dxe5 Rxc3 16. Qxd7 Nxd7 17. Bxe7
Rxc1 18. Rxc1 Nxe5 19. Rc7 h5 20. b3 a6 21. h3 b5 22. Bc5 Nd3 23. Bd4 e5 24.
Bc3 a5 25. f4 d4 26. Bd2 dxe3 27. Bxe3 exf4 28. gxf4 Nb4 29. Rb7 Nd5 30. Kf3 b4
31. Bd4 Rd8 32. Bb2 Nc3 33. Ra7 Rd3+ {0-1 Grivas,E (2520)-Ivanchuk,V (2715)/
Iraklion 2004/EXT 2008}) 11. Rc1 Na5 12. Qb5+ Qd7 13. Qa6 Bd6 14. Bxf6 gxf6 15.
Nc3 Qb7 16. Qe2 O-O 17. Rc2 Rac8 18. Rac1 Kg7 19. Ne1 f5 20. Nd3 Nc4 21. Qh5 h6
22. Ne2 Qa6 23. Nef4 Be7 24. b3 Nd6 25. Ne5 Bg5 26. Nxe6+ fxe6 27. Rc7+ Kh8 28.
Qg6 {1-0 Grivas,E (2505) -Genov,P (2435)/Heraklio 1993/TD}) 8... Qxf6 (8...
gxf6 9. e3 Bxf1 10. Kxf1 Be7 11. Kg2 $14 Nc6 12. Rc1 Qd7 13. Nbd2 O-O 14. Rc3
Rac8 15. Rac1 Na5 16. Qc2 Rxc3 17. Qxc3 Rd8 18. Ne1 Nb7 19. Nd3 Nd6 20. Qb3 Rc8
21. Rxc8+ Qxc8 22. Qa4 a6 23. Qd1 f5 24. Ne5 Bf6 25. Qb3 Qb7 {1/2 Kulaots,K 
(2550)-Gustafsson,J (2589)/ Ermioni 2006/CBM 113 ext}) 9. Nc3 Qd8 10. Ne5 $36 {
and I'm threating some unpleasant tricks.}) 7. Bxf6 Qxf6 8. Nc3 g5 $6 (8... g6
$142 9. Bg2 Bg7 10. O-O O-O {was more solid}) 9. Bg2 Qe7 10. h4 g4 11. Ne5 Bg7
12. O-O (12. Nxg4 Bxd4 13. Rd1 Bg7 $132) 12... O-O 13. Rfd1 (13. Nxg4 Bxd4 14.
Nxh6+ Kh7 15. Ng4 f5 $132) 13... h5 14. e3 $1 {I found the right plan here.
Now the penetration of one of my knights to f4 is very annoying.} Rc8 15. Rac1
$1 {Again, I like this move.} (15. Nd3 {However, another interesting move is:}
d5 16. cxd5 Bxd3 17. d6 Qxd6 18. Rxd3 $14 {but Black is more solid here than
in the game.}) 15... d6 16. Nd3 Bh6 (16... Nd7 17. Nf4 Nf6 18. Ne4 Nxe4 19.
Bxe4 $16) 17. Qa4 Bb7 18. d5 $5 ({An interesting alternative is:} 18. Nf4 Bxf4
19. exf4 Nd7 20. Re1 $36) 18... b5 {This is a blunder, but the black position
is difficult anyway.} (18... cxd5 19. cxd5 e5 20. Nb4 Qd7 21. Nc6 Bg7 (21...
Nxc6 22. Ne4 $18) 22. Ne4 Na6 23. b4 $16) 19. dxc6 ({My silicon friend is very
tricky as usual:} 19. cxb5 $5 cxd5 20. Bxd5 $1 exd5 (20... Rxc3 21. Bxb7 Rxc1
22. Bxa8 Rxd1+ 23. Qxd1 $16) 21. Nxd5 Qd8 22. Rxc8 Bxc8 23. Qe4 $16 {but the
move in the game is not weaker.}) 19... Bxc6 20. Nxb5 (20. cxb5 Bxg2 21. Kxg2
Nd7 $16) 20... a6 21. Bxc6 Nxc6 22. Nc3 Bg7 23. Ne4 Ne5 24. Nxe5 Bxe5 25. Qa3 (
{A simpler line was} 25. b4 Rab8 26. a3 $16) 25... Rc6 26. Rc2 Qc7 27. Rcd2
Rxc4 28. Nxd6 ({I saw} 28. Qd3 $1 {and it was my intention to play} Re8 29.
Nxd6 Bxd6 30. Qxd6 $16 {this endgame should be winning. But for some reason I
decided to make another move in time trouble}) 28... Rc1 $1 29. Ne4 Rb8 (29...
Rxd1+ 30. Rxd1 Qc2 31. Qd3 Qxd3 32. Rxd3 Bxb2 33. Rd7 {This endgame is still
unpleasant}) 30. Qd3 Rxd1+ 31. Rxd1 Rxb2 32. Ng5 Kf8 33. Qh7 Bg7 34. Qxh5 $138
{This is not a mistake but another possibility was more to the point in time
trouble:} (34. Rf1 $5 $16) (34. a3 $5 $16) 34... Rxf2 $1 35. Qxg4 Rf5 $8 36.
Qb4+ $2 {But this is a typical time trouble mistake! The unneccesary check
could spoil everything.} ({After} 36. Kg2 $1 $16 {White still is much better})
36... Kg8 37. Kg2 Rb5 $2 {Almost the same mistake, not check to the king but
to the queen!} (37... Bh6 $1 38. Ne4 Bxe3 39. Qb2 Bh6 40. Qe2 Bg7 $11) 38. Qf4
$1 $18 {When I made this move I had 3 seconds left (but received an increment
of 30). It was pleasant to realise that my position was completely winning.}
Rb2+ (38... Qc2+ 39. Kh3 Rxg5 40. Rd8+ $18) 39. Kh3 Qxf4 40. Rd8+ $1 {The last
finesse.} (40. exf4 Bh6 $16) 40... Bf8 41. exf4 Re2 42. Ra8 f6 43. Nf3 Re3 (
43... Rxa2 44. Nd4 $18) 44. Nd4 Re4 45. Nc6 Re3 46. h5 Kf7 47. Ra7+ Ke8 48.
Ra8+ Kf7 49. Rxa6 e5 50. fxe5 fxe5 51. Nd8+ Ke7 52. Ne6 Rf3 53. Ng5 1-0

[Event "Olympiad-38"]
[Site "Dresden"]
[Date "2008.11.13"]
[Round "1"]
[White "Stefansson, Hannes"]
[Black "Kamsky, Gata"]
[Result "1/2-1/2"]
[WhiteElo "2575"]
[BlackElo "2729"]
[PlyCount "73"]
[EventDate "2008.11.13"]
[EventType "team-swiss"]
[EventRounds "11"]
[EventCountry "GER"]
[SourceTitle "CBM 128"]
[Source "ChessBase"]
[SourceDate "2009.01.28"]
[SourceVersion "1"]
[SourceVersionDate "2009.01.28"]
[SourceQuality "1"]
[WhiteTeam "Iceland"]
[BlackTeam "US of America"]
[WhiteTeamCountry "ISL"]
[BlackTeamCountry "USA"]

1. e4 e5 2. Nf3 Nc6 3. Bb5 a6 4. Ba4 Nf6 5. O-O Be7 6. Re1 b5 7. Bb3 d6 8. c3
O-O 9. h3 Nb8 10. d4 Nbd7 11. Nbd2 Bb7 12. Bc2 Re8 13. a4 Bf8 14. Bd3 c6 15. b3
g6 16. Bf1 Qb6 17. Ba3 Rac8 18. Qc2 Nh5 19. Rad1 Nf4 20. dxe5 dxe5 21. Bxf8
Nxf8 22. axb5 axb5 23. b4 c5 24. bxc5 Qxc5 25. Rb1 Bc6 26. Qb3 Bd7 27. Bxb5
Qxc3 28. Bc4 Qxb3 29. Rxb3 Rc5 30. h4 Be6 31. Bxe6 N4xe6 32. Reb1 Rec8 33. g3
Nd7 34. Kg2 Rc2 35. R1b2 Kg7 36. Rb7 Rxb2 37. Rxb2 1/2-1/2

[Event "Olympiad-38"]
[Site "Dresden"]
[Date "2008.11.14"]
[Round "2"]
[White "Kamsky, Gata"]
[Black "Papaioannou, Ioannis"]
[Result "1/2-1/2"]
[WhiteElo "2729"]
[BlackElo "2597"]
[PlyCount "92"]
[EventDate "2008.11.13"]
[EventType "team-swiss"]
[EventRounds "11"]
[EventCountry "GER"]
[SourceTitle "CBM 128"]
[Source "ChessBase"]
[SourceDate "2009.01.28"]
[SourceVersion "1"]
[SourceVersionDate "2009.01.28"]
[SourceQuality "1"]
[WhiteTeam "US of America"]
[BlackTeam "Greece"]
[WhiteTeamCountry "USA"]
[BlackTeamCountry "GRE"]

1. d4 Nf6 2. c4 e6 3. Nf3 c5 4. e3 cxd4 5. exd4 d5 6. Nc3 Bb4 7. Bd3 dxc4 8.
Bxc4 O-O 9. O-O Nbd7 10. Bg5 h6 11. Bh4 Qa5 12. Rc1 Bxc3 13. Rxc3 b5 14. Bb3 b4
15. Re3 Nd5 16. Re4 Bb7 17. Rfe1 N5f6 18. Rf4 Nh5 19. Rg4 Nhf6 20. Ne5 Bd5 21.
Rg3 Bxb3 22. Qxb3 Kh8 23. Nxd7 Nxd7 24. Be7 Rfc8 25. Bxb4 Qb6 26. d5 exd5 27.
Bc3 Qxb3 28. axb3 Nf6 29. Bd4 a5 30. h3 Rc7 31. Rd1 Rac8 32. Kh2 Rc6 33. Ra1
Rc2 34. Rxa5 Rd2 35. Ra4 Ne4 36. Bxg7+ Kh7 37. Rxe4 dxe4 38. Bc3 Rxf2 39. Rg7+
Kh8 40. Rxf7+ Rxc3 41. Rxf2 Rxb3 42. g4 Kg7 43. Kg2 h5 44. gxh5 Kh6 45. Re2
Kxh5 46. Rxe4 Rxb2+ 1/2-1/2

[Event "Olympiad-38"]
[Site "Dresden"]
[Date "2008.11.17"]
[Round "5"]
[White "Kamsky, Gata"]
[Black "Corke, Anya Sun"]
[Result "1-0"]
[WhiteElo "2729"]
[BlackElo "2301"]
[PlyCount "48"]
[EventDate "2008.11.13"]
[EventType "team-swiss"]
[EventRounds "11"]
[EventCountry "GER"]
[SourceTitle "CBM 128"]
[Source "ChessBase"]
[SourceDate "2009.01.28"]
[SourceVersion "1"]
[SourceVersionDate "2009.01.28"]
[SourceQuality "1"]
[WhiteTeam "US of America"]
[BlackTeam "Hong Kong"]
[WhiteTeamCountry "USA"]
[BlackTeamCountry "HKG"]

1. d4 d5 2. c4 c6 3. Nf3 Nf6 4. e3 Bf5 5. Nc3 e6 6. Nh4 Bg6 7. Nxg6 hxg6 8. a3
Nbd7 9. g3 Qc7 10. b3 dxc4 11. bxc4 e5 12. Bg2 O-O-O 13. O-O Nc5 14. Bb2 Be7
15. Rb1 exd4 16. exd4 Ne6 17. d5 Nf4 18. gxf4 Qxf4 19. h3 Bd6 20. Re1 Qh2+ 21.
Kf1 Rxh3 22. dxc6 Rh4 23. Qb3 bxc6 24. Qa4 Qf4 1-0

[Event "Olympiad-38"]
[Site "Dresden"]
[Date "2008.11.19"]
[Round "6"]
[White "Dominguez Perez, Leinier"]
[Black "Kamsky, Gata"]
[Result "1/2-1/2"]
[WhiteElo "2719"]
[BlackElo "2729"]
[PlyCount "115"]
[EventDate "2008.11.13"]
[EventType "team-swiss"]
[EventRounds "11"]
[EventCountry "GER"]
[SourceTitle "CBM 128"]
[Source "ChessBase"]
[SourceDate "2009.01.28"]
[SourceVersion "1"]
[SourceVersionDate "2009.01.28"]
[SourceQuality "1"]
[WhiteTeam "Cuba"]
[BlackTeam "US of America"]
[WhiteTeamCountry "CUB"]
[BlackTeamCountry "USA"]

1. e4 e5 2. Nf3 Nc6 3. Bb5 a6 4. Ba4 Nf6 5. O-O Be7 6. d3 d6 7. c3 O-O 8. Nbd2
b5 9. Bc2 Re8 10. a4 Rb8 11. axb5 axb5 12. Re1 Bf8 13. Nf1 h6 14. Ng3 d5 15. d4
Bg4 16. Ra6 Rb6 17. Rxb6 cxb6 18. exd5 Qxd5 19. Ne4 Nh7 20. dxe5 Qxd1 21. Bxd1
Bxf3 22. Bxf3 Nxe5 23. Be2 Nc4 24. Nd2 Nf6 25. Kf1 Nxd2+ 26. Bxd2 b4 27. Bf3
Rd8 28. Rd1 bxc3 29. Bxc3 Rc8 30. Ra1 Bc5 31. Ra7 Kf8 32. Rb7 Ne8 33. b4 Be7
34. Be1 Bd8 35. b5 Rc1 36. Ke2 Rb1 37. Bc6 Nd6 38. Rd7 Be7 39. Ra7 Bf6 40. Ra8+
Ke7 41. Ra4 Nxb5 42. Bb4+ Rxb4 43. Rxb4 Nd4+ 44. Rxd4 Bxd4 45. f3 g5 46. Kd3
Bg1 47. h3 Kd6 48. Be8 Ke6 49. Bb5 Ke5 50. Be8 f6 51. Bd7 h5 52. Be8 h4 53. Bd7
Kd5 54. Be8 Bh2 55. Bd7 Be5 56. Be8 Kc5 57. Bd7 Kb4 58. Be6 1/2-1/2

[Event "Olympiad-38"]
[Site "Dresden"]
[Date "2008.11.23"]
[Round "10"]
[White "Naiditsch, Arkadij"]
[Black "Kamsky, Gata"]
[Result "1/2-1/2"]
[WhiteElo "2678"]
[BlackElo "2729"]
[PlyCount "60"]
[EventDate "2008.11.13"]
[EventType "team-swiss"]
[EventRounds "11"]
[EventCountry "GER"]
[SourceTitle "CBM 128"]
[Source "ChessBase"]
[SourceDate "2009.01.28"]
[SourceVersion "1"]
[SourceVersionDate "2009.01.28"]
[SourceQuality "1"]
[WhiteTeam "Germany"]
[BlackTeam "US of America"]
[WhiteTeamCountry "GER"]
[BlackTeamCountry "USA"]

1. e4 e5 2. Nf3 Nc6 3. Bb5 a6 4. Bxc6 dxc6 5. O-O Bg4 6. h3 h5 7. d3 Qf6 8.
Nbd2 Ne7 9. Re1 Ng6 10. d4 Bd6 11. hxg4 hxg4 12. g3 gxf3 13. Nxf3 Qe6 14. Ng5
Qf6 15. c3 Be7 16. Qf3 exd4 17. cxd4 c5 18. Qb3 b6 19. e5 Qf5 20. Qf3 Qxf3 21.
Nxf3 Rd8 22. Be3 cxd4 23. Bxd4 Nf8 24. Kg2 Ne6 25. Be3 c5 26. Rad1 b5 27. a4
O-O 28. axb5 axb5 29. b3 Rxd1 30. Rxd1 Rc8 1/2-1/2